00891 2200193 4500001002100000005001500021035002000036008004100056245006300097100002000160250000600180260003500186300001200221084001400233082000800247650001000255520042000265990001200685INLIS00000000000108520240522114641 a0010-0524000320240522 1 ind 1 aLove Is You; Aku Benci Untuk Mencintaimu /cAdeliany Azfar aAzfar, Adeliany a1 aYogyakarta :bEazy Book,c2012 a236 hlm a813 ADE l a813 4aFiksi aSaat jatuh cinta, kita bisa melakukan hal paling gila yang tak pernah terbayangkan sebelumnya, hanya untuk orang yang kita cintai. Bagi Aleandra, kegilaan itu sungguh di luar batas. Ia nekat mengubah jati dirinya hanya untuk bisa mendekati Arvin, cowok yang selalu dingin terhadap para cewek. Dapatkah Aleandra terus merahasiakan jati dirinya di hadapan orang yang ia cintai? Dan berhasilkah ia mewujudkan mimpinya? a0744063